عبداالله بن مسعود : وجهة الفقهية /
Saved in:
| Main Author: | |
|---|---|
| Other Authors: | |
| Format: | Unknown |
| Language: | Arabic |
| Published: |
[Qahirah] :
Jami'at al-Azhar,
1976?
|
| Subjects: | |
| Tags: |
Add Tag
No Tags, Be the first to tag this record!
|
| LEADER | 010020000a22002530004500 | ||
|---|---|---|---|
| 008 | 140705n ua g 000 0 ara d | ||
| 040 | |a UIAM |b eng | ||
| 041 | |a ara | ||
| 050 | |a BP149.1.A132 | ||
| 100 | 1 | |a قاسم، شفيق موسى | |
| 242 | 1 | 0 | |a 'Abd Allah ibn Mas'ud : |b wijhat al-fiqhiyah |
| 245 | 1 | 0 | |a عبداالله بن مسعود : |b وجهة الفقهية / |c شفيق موسى قاسم |
| 260 | |a [Qahirah] : |b Jami'at al-Azhar, |c 1976? | ||
| 300 | |a 464 p. ; |c 30 cm. | ||
| 500 | |a Spine title. | ||
| 504 | |a Includes bibliographical references (leaves 434-[452]). | ||
| 596 | |a 1 | ||
| 600 | 1 | |a 'Abd Allah ibn Mas'ud, |d d. ca. 653 | |
| 650 | 0 | |a Sahabah | |
| 650 | 0 | |a Islamic law |x Criticism, interpretation, etc. Early works to 1800 | |
| 700 | 1 | |a Qasim, Shafiq Musa | |
| 900 | |a nan-lfr | ||
| 999 | |c 435277 |d 466961 | ||
| 952 | |0 0 |6 TI BP 000149.1 A132 Q13A 1976 |7 0 |8 THESES |9 755247 |a IIUM |b IIUM |c MULTIMEDIA |g 498.00 |o ti BP 149.1 A132 Q13A 1976 |p 00011274176 |r 2017-10-23 |t 1 |v 498.00 |y THESIS | ||
